000 00599nam a2200181 i 4500
001 bg
100 1 _aBYRDY, Czesław
245 0 _aProjektowanie konstrukcji lekkich ścian i dachów z blach faldowych /
_cCzesław Byrdy.
260 _aKraków,
_c1987
_aPK.
490 1 _aZeszyt Naukowy / Politechnika Krakowska. Budownictwo Lądowe ;
_vz. 65
500 _aNumeracja ser. gł. : nr 2.
830 0 _aZeszyt Naukowy (Politechnika Krakowska).
_pBudownictwo Lądowe ;
_vz. 65
040 _cBPK
041 _apol
080 _a624.014:692
942 _cKS
008 s pl f |000 0 pol
999 _c28513
_d28513
856 _uhttp://koha.tu.koszalin.pl/cgi-bin/koha/opac-detail.pl?biblionumber=28513
_yKatalog online BPK